Quiz o państwach o najniższej płodności. - Statystyki

Ogólne statystyki
  • Ten quiz został rozwiązany 42 razy
  • Średni wynik to 12 z 22
Statystyki odpowiedzi
Wskaźnik Państwo % Poprawnych
1.40 Polska
97%
1.38 Japonia
85%
1.45 Chiny
72%
1.27 Hiszpania
72%
1.22 Włochy
69%
1.51 Austria
67%
1.49 Czechy
67%
1.43 Portugalia
67%
1.45 Chorwacja
64%
1.10 Korea Południowa
64%
1.46 Słowacja
62%
1.40 Grecja
54%
1.46 Serbia
51%
1.08 Tajwan
51%
1.50 Bułgaria
49%
1.48 Węgry
49%
1.50 Malta
44%
1.16 Singapur
44%
1.36 Bośnia i Hercegowina
41%
1.45 Andora
36%
1.48 Cypr
28%
1.35 Mauritius
5%
Nie znaleziono quizów pasujących do podanych kryteriów
Rozkład punktacji
Procent ludzi z każdym wynikiem
Percentyl według liczby udzielonych odpowiedzi
Twoja historia wyników
Nie rozwiązałeś tego quizu